Committee on economic, social and cultural rights: report on the fifty-fourth, fifty-fifth and fifty-sixth sessions (Record no. 37820)

MARC details
000 -LEADER
fixed length control field 00740nam a2200157 a 4500
008 - FIXED-LENGTH DATA ELEMENTS--GENERAL INFORMATION
fixed length control field 170419s2016 ||||||||||||||||| || u
050 ## - LIBRARY OF CONGRESS CALL NUMBER
Classification number UNO(058)CESC/2016
110 ## - MAIN ENTRY--CORPORATE NAME
Corporate name or jurisdiction name as entry element UNITED NATIONS
245 10 - TITLE STATEMENT
Title Committee on economic, social and cultural rights: report on the fifty-fourth, fifty-fifth and fifty-sixth sessions
Statement of responsibility, etc. United Nations (UNO)
260 ## - PUBLICATION, DISTRIBUTION, ETC.
Place of publication, distribution, etc. New York
Name of publisher, distributor, etc. UNITED NATIONS
Date of publication, distribution, etc. 2016
300 ## - PHYSICAL DESCRIPTION
Extent iv, 27p.
650 #0 - SUBJECT ADDED ENTRY--TOPICAL TERM
Topical term or geographic name entry element HUMAN RIGHTS
650 ## - SUBJECT ADDED ENTRY--TOPICAL TERM
Topical term or geographic name entry element ECONOMIC DEVELOPMENT--SOCIAL ASPECTS
650 #0 - SUBJECT ADDED ENTRY--TOPICAL TERM
Topical term or geographic name entry element UNITED NATIONS, GENERAL ASSEMBLY--CHARTER OF ECONOMIC AND DUTIES OF STATES
995 ## - RECOMMENDATION 995 [LOCAL, UNIMARC FRANCE]
-- CBU-MAIN LIBRARY (Kitwe)
-- 1
-- AVAILABLE
-- Apr 19, 2017
-- United Nations
-- International Publications
Holdings
Withdrawn status Lost status Source of classification or shelving scheme Damaged status Not for loan Home library Current library Shelving location Date acquired Total Checkouts Full call number Barcode Date last seen Price effective from Koha item type
          CBU-MAIN LIBRARY, KITWE. CBU-MAIN LIBRARY, KITWE.   11/30/2022   UNO(058)CESC/2016 B3314 11/30/2022 11/30/2022 MONOGRAPH